Stavebno-technologický projekt: Prístavba a rekonštrukcia telocvične Gymnázia Ľ. J. Šuleka, Komárno

Na minha lista:
Detalhes bibliográficos
Autor principal: Marcsová, Adrienn (Author)
Outros Autores: Ďubek, Silvia (Thesis advisor)
Formato: Manuscrito Livro
Idioma:eslovaco
Publicado em: 2019
Assuntos:
Acesso em linha:http://is.stuba.sk/zp/portal_zp.pl?podrobnosti=145269
https://opac.crzp.sk/?fn=detailBiblioForm&sid=9F8942B94996237AAFF41BF666DC
Tags: Adicionar Tag
Sem tags, seja o primeiro a adicionar uma tag!

MARC

LEADER 00000ntm a22000003a 4500
001 stuzp74538
003 SK-STU
005 20230606171834.0
007 ta
008 150427s2015----xo-----f-mn---000-0-slo-d
040 |a STU  |b slo 
041 0 |a slo 
100 1 |a Marcsová, Adrienn  |u 010270  |k Z4  |4 aut  |U SvF Stavebná fakulta  |T SvF Katedra technológie stavieb  |X 63208  |U V270  |Y 28  |7 63208 
242 0 1 |a Construction - Technological Project: Extension and reconstruction of gymnasium Gymnázium Ľ. J. Šuleka, Komárno  |y eng 
245 1 0 |a Stavebno-technologický projekt: Prístavba a rekonštrukcia telocvične Gymnázia Ľ. J. Šuleka, Komárno 
260 |c 2019 
650 4 |a prístavba  |2 slo 
650 4 |a rekonštrukcia  |2 slo 
650 4 |a zariadenie staveniska  |2 slo 
650 4 |a väzník  |2 slo 
650 4 |a časový plán  |2 slo 
650 4 |a time Schedule  |2 eng 
650 4 |a extension  |2 eng 
650 4 |a reconstruction  |2 eng 
650 4 |a equipment of building site  |2 eng 
650 4 |a truss  |2 eng 
700 1 |a Ďubek, Silvia  |u 010270  |k Z1  |4 ths  |U SvF Stavebná fakulta  |T SvF Katedra technológie stavieb  |X 49683  |U V270  |Y 28  |7 A000049683 
856 4 |u http://is.stuba.sk/zp/portal_zp.pl?podrobnosti=145269 
856 4 |u https://opac.crzp.sk/?fn=detailBiblioForm&sid=9F8942B94996237AAFF41BF666DC